Sins, Dwarfs, and Spice Girls Quiz Stats

 Plays Quiz Updated Feb 26, 2020

Support Sporcle.
Go Orange.
Score 0/19 Timer 02:00
10 Plays Today
% Correct
???
86.9%
???
76.5%
???
74.5%
???
74.1%
???
69.4%
???
67.9%
???
67.6%
???
67.4%
???
64.1%
???
63.8%
% Correct
???
62.9%
???
62.7%
???
62.5%
???
61.9%
???
58.1%
???
55.5%
???
54.5%
???
54.1%
???
53.8%

From the Vault

Crossword Blackout! IV

by hockeystix3

For an added challenge, do this crossword puzzle in the dark.
Remove Ads.
Support Sporcle.
Get the best of Sporcle when you Go Orange. This ad-free experience offers more features, more stats, and more fun while also helping to support Sporcle. Thank you for becoming a member.

Show Comments

Extras

Top Quizzes Today


Score Distribution

Your Account Isn't Verified!

In order to create a playlist on Sporcle, you need to verify the email address you used during registration. Go to your Sporcle Settings to finish the process.

Report this User

Report this user for behavior that violates our Community Guidelines.

Details: